Mémoires de la Société préhistorique française.

Saved in:
Bibliographic Details
Corporate Author: Société préhistorique française.
Format: Serial
Language:French
Published: Paris : La Société : Librairie Klincksieck
Series:Harvard anthropology preservation microfilm project ; 10153.
Subjects:
Tags: Add Tag
No Tags, Be the first to tag this record!
LEADER 01157cas a2200349 a 4500
001 000420975-3
005 20051001140959.0
008 750429c19119999fr x m 0 b0fre d
010 |a sn 96047692  
035 0 |a ocm01303854 
040 |a WAU  |c DRB  |d COO  |d MUL  |d WAU  |d OCL  |d SYS  |d WAU  |d HUL 
042 |a lcd 
043 |a e-fr--- 
050 4 |a GN811.A1  |b S73 
245 0 0 |a Mémoires de la Société préhistorique française. 
246 1 |i Issues for <2004-> have title:  |a Mémoire ... de la Société préhistorique française 
246 1 4 |a Mémoire 
260 |a Paris :  |b La Société :  |b Librairie Klincksieck 
300 |a v. :  |b ill. ;  |c 27 cm. 
310 |a Irregular 
362 1 |a Began with t. 1, published in 1911. 
500 |a Description based on: T. 8, published in 1970. 
500 |a Latest issue consulted: 34 (2004). 
650 0 |a Prehistoric peoples  |z France. 
651 0 |a France  |x Antiquities. 
710 2 |a Société préhistorique française. 
830 0 |a Harvard anthropology preservation microfilm project ;  |v 10153.  |5 mmf 
899 |a 415_565160 
899 |a 415_565160 
899 |a 415_565143 
988 |a 20020608 
906 |0 OCLC